000 01071cam a2200277 a 4500
001 13597772
003 ARRUPE
005 20211014094620.0
008 040519s2005 nyu b 001 0 eng
010 _a 2004052135
020 _a1890951498
040 _aDLC
_cDLC
_dDLC
050 0 0 _aP40.5.L28
_bH45 2005
082 0 0 _a401
_222
100 1 _aHeller-Roazen, Daniel.
_950463
245 1 0 _aEcholalias :
_bon the forgetting of language /
_cDaniel Heller-Roazen.
260 _aNew York :
_bZone Books,
_c2005.
300 _a287 p. ;
_c24 cm.
504 _aIncludes bibliographical references (p. 233-274) and index.
650 0 _aLanguage attrition.
_950464
650 0 _aLanguage and languages.
_916092
856 4 1 _3Table of contents
_uhttp://www.loc.gov/catdir/toc/fy054/2004052135.html
906 _a7
_bcbc
_corignew
_d1
_eocip
_f20
_gy-gencatlg
942 _2lcc
_cMONOGRAPH
999 _c130832
_d130832